000 00437nam a22001697a 4500
003 NUST
005 20260417163050.0
008 260417b ||||| |||| 00| 0 eng d
020 _a81-7808-647-6
082 _a620.1
_bNEV
100 _aA.M. Neville.
_9106481
245 _aConcrete Technology /
_cA.M. Neville.
260 _aIndia:
_bPearson Education,
_c2004.
300 _a438 p ;
_c27.3 cm
563 _aPaperback
942 _2ddc
_cBK
999 _c617178
_d617178